<?xml version="1.0" encoding="UTF-8"?>
<record
    xmlns:xsi="http://www.w3.org/2001/XMLSchema-instance"
    xsi:schemaLocation="http://www.loc.gov/MARC21/slim http://www.loc.gov/standards/marcxml/schema/MARC21slim.xsd"
    xmlns="http://www.loc.gov/MARC21/slim">

  <leader>00452nam a2200145Ia 4500</leader>
  <controlfield tag="008">230917s9999||||xx |||||||||||||| ||und||</controlfield>
  <datafield tag="040" ind1=" " ind2=" ">
    <subfield code="e">171765</subfield>
    <subfield code="a">MAIN</subfield>
  </datafield>
  <datafield tag="041" ind1=" " ind2=" ">
    <subfield code="a">English</subfield>
  </datafield>
  <datafield tag="082" ind1=" " ind2=" ">
    <subfield code="a">891.437731 SG23S</subfield>
  </datafield>
  <datafield tag="100" ind1=" " ind2=" ">
    <subfield code="a">&#x936;&#x930;&#x94D;&#x92E;&#x93E;, &#x917;&#x94B;&#x92A;&#x93E;&#x932; &#x92C;&#x93E;&#x92C;&#x942;</subfield>
  </datafield>
  <datafield tag="245" ind1=" " ind2="0">
    <subfield code="a">&#x936;&#x94D;&#x930;&#x947;&#x937;&#x94D;&#x920; &#x935;&#x94D;&#x92F;&#x902;&#x917;&#x92F; &#x930;&#x91A;&#x928;&#x93E;&#x90F;&#x901;</subfield>
  </datafield>
  <datafield tag="260" ind1=" " ind2=" ">
    <subfield code="a">&#x905;&#x932;&#x940;&#x917;&#x922;&#x93C;</subfield>
    <subfield code="b">&#x917;&#x94D;&#x930;&#x928;&#x94D;&#x925;&#x93E;&#x92F;&#x928;</subfield>
    <subfield code="c">1989</subfield>
  </datafield>
  <datafield tag="300" ind1=" " ind2=" ">
    <subfield code="a">108 &#x92A;&#x943;. p.</subfield>
  </datafield>
  <datafield tag="942" ind1=" " ind2=" ">
    <subfield code="c">HN</subfield>
  </datafield>
  <datafield tag="952" ind1=" " ind2=" ">
    <subfield code="0">0</subfield>
    <subfield code="1">0</subfield>
    <subfield code="4">0</subfield>
    <subfield code="6">891_437731000000000_SG23S</subfield>
    <subfield code="7">0</subfield>
    <subfield code="9">109743</subfield>
    <subfield code="a">MAIN</subfield>
    <subfield code="b">MAIN</subfield>
    <subfield code="d">2010-12-11</subfield>
    <subfield code="l">0</subfield>
    <subfield code="o">891.437731 SG23S</subfield>
    <subfield code="p">143350</subfield>
    <subfield code="r">2023-09-17 20:54:22</subfield>
    <subfield code="w">2023-09-17</subfield>
    <subfield code="y">HN</subfield>
  </datafield>
  <datafield tag="999" ind1=" " ind2=" ">
    <subfield code="c">70056</subfield>
    <subfield code="d">70056</subfield>
  </datafield>
</record>
